000 00305nam a22001337a 4500
008 180919b xxu||||| |||| 00| 0 eng d
020 _a9780198661856
041 _aeng
080 _a101
100 _a24
101 _aFJA
245 _aThe Oxford Dictionary Quotations
_cAngela.P
942 _2udc
_cBK
999 _c48004
_d48004